Sport tourism development / (Record no. 126887)

MARC details
000 -LEADER
fixed length control field 00797nam a22002537a 4500
005 - DATE AND TIME OF LATEST TRANSACTION
control field 20170124110016.0
010 ## - LIBRARY OF CONGRESS CONTROL NUMBER
LC control number B-226530
020 ## - INTERNATIONAL STANDARD BOOK NUMBER
Terms of availability 395.00
International Standard Book Number 9788130901787
035 ## - SYSTEM CONTROL NUMBER
System control number B-226530
037 ## - SOURCE OF ACQUISITION
Source of stock number/acquisition Cen Lib/Ret
040 ## - CATALOGING SOURCE
Original cataloging agency DPL
Language of cataloging EN
082 ## - DEWEY DECIMAL CLASSIFICATION NUMBER
Classification number 338.4791
Item number HIN
100 ## - MAIN ENTRY--PERSONAL NAME
Personal name Hinch, Thomas
9 (RLIN) 18757
245 ## - TITLE STATEMENT
Title Sport tourism development /
Statement of responsibility, etc by Thomas Hinch [and] James Higham
260 ## - PUBLICATION, DISTRIBUTION, ETC. (IMPRINT)
Name of publisher, distributor, etc Viva Books
Date of publication, distribution, etc 2006
Place of publication, distribution, etc New Delhi
270 ## - ADDRESS
City New Delhi
Address 4262/3, ansari road, darya ganj
Postal code 110002
300 ## - PHYSICAL DESCRIPTION
Extent xv, 254p. :
Dimensions 23cm(pbk)
490 ## - SERIES STATEMENT
Series statement Aspects of tourism
Volume number/sequential designation 13
500 ## - GENERAL NOTE
General note Includes bibliographical references and index
650 ## - SUBJECT ADDED ENTRY--TOPICAL TERM
Topical term or geographic name as entry element Tourism
9 (RLIN) 74848
650 ## - SUBJECT ADDED ENTRY--TOPICAL TERM
Topical term or geographic name as entry element Sport tourism
9 (RLIN) 18759
700 ## - ADDED ENTRY--PERSONAL NAME
Personal name Higham, James
9 (RLIN) 74849
942 ## - ADDED ENTRY ELEMENTS (KOHA)
Source of classification or shelving scheme Dewey Decimal Classification
Koha item type English Books
Classification part 338.4791
Call number suffix HIN
Holdings
Withdrawn status Lost status Damaged status Not for loan Home library Current library Date acquired Source of acquisition Cost, normal purchase price Total Checkouts Full call number Barcode Date last seen Copy number Cost, replacement price Price effective from Koha item type
        Central Library Central Library 26/06/2015 Cen Lib/Ret 395.00   338.4791 HIN B-226530 26/06/2015 1 395.00 26/06/2015 English Books

© Delhi Public Library
Hit Counter
free hit counter